Loading...
Vedantha saram
| Main Author: | |
|---|---|
| Format: | Printed Book |
| Language: | Malayalam |
| Published: |
Chandra Press
Chandra Press
1113
|
| LEADER | 00455nam a2200121Ia 4500 | ||
|---|---|---|---|
| 008 | 111205s9999 xx 000 0 mal d | ||
| 100 | |a Narayanakurukkal. K. | ||
| 245 | |a Vedantha saram |c Narayanakurukkal. K. | ||
| 260 | |b Chandra Press |a Chandra Press |c 1113 | ||
| 300 | |a 56 | ||
| 942 | |c BK | ||
| 999 | |c 204812 |d 204812 | ||
| 952 | |0 0 |1 0 |2 ddc |4 0 |6 851_000000000000000_411N2_VED |7 0 |9 226549 |a MAL |b MAL |c ST1 |d 2011-12-05 |g 0.00 |l 0 |o 851.411N2 VED |p MAL10275 |r 2011-12-05 |v 0.00 |w 2011-12-05 |y BK | ||